Normal view
MARC view
- Shen, Zhi Yuan
Entry Personal Name
001 - CONTROL NUMBER
- control field: 73857
003 - CONTROL NUMBER IDENTIFIER
- control field: NUST
005 - DATE AND TIME OF LATEST TRANSACTION
- control field: 20210628205107.0
008 - FIXED-LENGTH DATA ELEMENTS
- fixed length control field: 210628|| aca||aabn | a|a d
040 ## - CATALOGING SOURCE
- Original cataloging agency: NUST
- Transcribing agency: NUST
100 ## - HEADING--PERSONAL NAME
- Personal name: Shen, Zhi Yuan
670 ## - SOURCE DATA FOUND
- Source citation: Work cat.: (NUST): Shen, Zhi Yuan, High temperature superconductivity microwave circuits, 1994
